00928nam a2200217 a 450000100060000000300080000600500170001400800410003103500190007204000350009104100080012608200300013410000230016424502030018726000830039030000380047350200880051150400360059965000400063570000350067582223BD-RjUL20231101150108.0231101s2015 bg a|||| m||| 00| 0 eng d a(BD-RjUL)82223 aBD-RjULbengcBD-RjULdBD-RjUL aeng 223a553.5095492bAHS 2015 aAhmmed, Md. Forhad10aSocio-Economic and Environmental Impact of Underground Stone Collection on the Community People of Panchagarh District in Bangladesh /cResearcher, Md. Forhad Ahmmed ;6Supervisor : Md. Fakrul Islam aRajshahi : bInstitute of Bangladesh Studies (IBS), Rajshahi University,c2015 axxi, 198 Leaves :bill, ;c29 cm. aThesis (Ph. D.) -- Institute of Bangladesh Studies (IBS), Rajshahi University, 2015 aBibliography : Leaves [163]-173 aStonevEconomic geologyzBangladesh aIslam, Md. Fakrul, Supervisor